Champions In League of Legends - Statistics

General Stats
  • This quiz has been taken 10 times
    7 since last reset
  • The average score is 117 of 169
Answer Stats
Hint Answer % Correct
The Darkin Blade Aatrox
100%
The Nine-Tailed Fox Ahri
100%
The Rogue Assassin Akali
100%
The Minotaur Alistar
100%
The Sad Mummy Amumu
100%
The Cryopheonix Anivia
100%
The Dark Child Annie
100%
The Weapon of the Faithful Aphelios
100%
The Frost Archer Ashe
100%
The Star Forger Aurelion Sol
100%
The Emperor of the Sands Azir
100%
The Empress of the Void Bel'Veth
100%
The Great Steam Golem Blitzcrank
100%
The Blade Dancer Irelia
100%
The Blade's Shadow Talon
100%
The Rogue Sentinel Akshan
80%
The Matriarch of War Ambessa
80%
The Witch Between Worlds Aurora
80%
The Wandering Caretaker Bard
80%
The Burning Vengeance Brand
80%
The Heart of the Freljord Braum
80%
The Sheriff of Piltover Caitlyn
80%
The Daring Bombardier Corki
80%
The Hand of Noxus Darius
80%
The Boy Who Shattered Time Ekko
80%
The Prodigal Explorer Ezreal
80%
The Might of Demacia Garen
80%
The Hallowed Seamstress Gwen
80%
The Grandmaster at Arms Jax
80%
The Loose Cannon Jinx
80%
The Daughter of the Void Kai'sa
80%
The Deathsinger Karthus
80%
The Shadow Reaper Kayn
80%
The Ice Witch Lissandra
80%
The Lady of Luminosity Lux
80%
The Wuju Bladesman Master Yi
80%
The Curator of the Sands Nasus
80%
The Titan of the Depths Nautilus
80%
The Fire Below the Mountain Ornn
80%
The Keeper of the Hammer Poppy
80%
The Butcher of the Sands Renekton
80%
The Rune Mage Ryze
80%
The Unshackled Sylas
80%
The River King Tahm Kench
80%
The Swift Scout Teemo
80%
The Barbarian King Tryndamere
80%
The Card Master Twisted Fate
80%
The Plague Rat Twitch
80%
The Arrow of Retribution Varus
80%
The Night Hunter Vayne
80%
The Tiny Master of Evil Veigar
80%
The Piltover Enforcer Vi
80%
The Ruined King Viego
80%
The Unforgiven Yasuo
80%
The Unforgotten Yone
80%
The Shepard of Souls Yorick
80%
The Secret Weapon Zac
80%
The Master of Shadows Zed
80%
The Spark of Zaun Zeri
80%
The Hexplosives Expert Ziggs
80%
The Chronokeeper Zilean
80%
The Aspect of Twilight Zoe
80%
The Rise of the Thorns Zyra
80%
The Restrained Hunger Briar
60%
The Steel Shadow Camille
60%
The Serpent's Embrace Cassiopeia
60%
The Terror of the Void Cho'gath
60%
The Scorn of the Moon Diana
60%
The Glorious Executioner Draven
60%
The Madman Zaun Dr. Mundo
60%
The Spider Queen Elise
60%
The Agony's Embrace Evelynn
60%
The Harbinger of Doom Fiddlesticks
60%
The Grand Duelist Fiora
60%
The Tidal Trickster Fizz
60%
The Colossus Galio
60%
The Saltwater Scourge Gangplank
60%
The Missing Link Gnar
60%
The Rabble Rouser Gragas
60%
The Outlaw Graves
60%
The Shadow of War Hecarim
60%
The Revered Heimerdinger
60%
The Visionary Hwei
60%
The Kraken Priestess Illaoi
60%
The Green Father Ivern
60%
The Storm's Fury Janna
60%
The Exemplar of Demacia Jarvan IV
60%
The Defender of Tomorrow Jayce
60%
The Virtuoso Jhin
60%
The Spear of Vengeance Kalista
60%
The Enlightened One Karma
60%
The Void Walker Kassadin
60%
The Sinister Blade Katarina
60%
The Judicator Kayle
60%
The Heart of the Tempest Kennen
60%
The Voidreaver Kha'Zix
60%
The Eternal Hunters Kindred
60%
The Cantankerous Cavalier Kled
60%
The Mouth of the Abyss Kog'Maw
60%
The Pride of Nazumah K'Sante
60%
The Deceiver LeBlanc
60%
The Blind Monk Lee Sin
60%
The Radiant Dawn Leona
60%
The Bashful Bloom Lillia
60%
The Purifier Lucian
60%
The Fae Sorceress Lulu
60%
The Shard of the Monolith Malphite
60%
The Prophet of the Void Malzahar
60%
The Twisted Treant Maokai
60%
The Gentle Flame Milio
60%
The Bounty Hunter Miss Fortune
60%
The Iron Revenant Mordekaiser
60%
The Fallen Angel Morgana
60%
The Hound of a Hundred Bites Naafiri
60%
The Tidecaller Nami
60%
The Curious Chameleon Neeko
60%
The Bestial Huntress Nidalee
60%
The Joy Unbound Nilah
60%
The Eternal Nightmare Nocturne
60%
The Boy and His Yeti Nunu & Willump
60%
The Berserker Olaf
60%
The Lady of Clockwork Orianna
60%
The Artisan of War Pantheon
60%
The Bloodharbor Ripper Pyke
60%
Empress of Elements Qiyana
60%
The Demacia's Wings Quinn
60%
The Charmer Rakan
60%
The Armordillo Rammus
60%
The Void Burrower Rek'Sai
60%
The Iron Maiden Rell
60%
The Chem-Baroness Renata Glasc
60%
The Pridestalker Rengar
60%
The Exile Riven
60%
The Mechanized Menace Rumble
60%
The Desert Rose Samira
60%
The Fury of the North Sejuani
60%
The Redeemer Senna
60%
The Starry-Eyed Songstress Seraphine
60%
The Boss Sett
60%
The Demon Jester Shaco
60%
The Eye of Twilight Shen
60%
The Half-Dragon Shyvana
60%
The Mad Chemist Singed
60%
The Undead Juggernaut Sion
60%
The Battle Mistress Sivir
60%
The Crystal Vanguard Skarner
60%
The Fiery Fledgling Smolder
60%
The Maven of the Strings Sona
60%
The Starchild Soraka
60%
The Noxian Grand General Swain
60%
The Dark Sovereign Syndra
60%
The Stone Weaver Taliyah
60%
The Shield of Valoran Taric
60%
The Chain Warden Tresh
60%
The Yordle Gunner Tristana
60%
The Troll King Trundle
60%
The Spirit Walker Udyr
60%
The Dreadnought Urgot
60%
The Eye of the Void Vel'Koz
60%
The Gloomist Vex
60%
The Herald of the Arcane Viktor
60%
The Thunder's Roar Volibear
60%
The Uncaged Wrath of Zaun Warwick
60%
The Monkey King Wukong
60%
The Rebel Xayah
60%
The Magus Ascendant Xerath
60%
The Seneschal of Demacia Xin Zhao
60%
The Magical Cat Yuumi
60%
The Crimson Reaper Vladmir
40%
No matching quizzes found
Score Distribution
Percent of People with Each Score
Percentile by Number Answered
Your Score History
You have not taken this quiz since the last reset